| 000 | 00799nam a2200193 a 4500 | ||
|---|---|---|---|
| 005 | 20160318142151.0 | ||
| 008 | 140312b1998 sz ||||fr|||| 00| 0 spa d | ||
| 040 |
_aCO-BoIAVH _cCO-BoIAVH |
||
| 041 | 0 | _aspa | |
| 044 | _asz | ||
| 082 | 0 | 4 |
_a354.328 _bS44d |
| 110 | 2 | _bSecretaría de la Convención sobre el Comercio Internacional de Especies Amenazadas de Fauna y Flora Silvestre | |
| 245 | 1 | 0 |
_aDecisiones CITES : _btodas las decisiones de la CITES en vigor después de la décima reunión de la conferencia de las partes |
| 260 |
_aGeneve : _bCITES : _bPNUMA, _c1998. |
||
| 300 |
_a25 páginas ; _c30 x 21 centímetros |
||
| 650 | 6 |
_aFauna _xEspecies en peligro de extinción _vPolíticas |
|
| 650 | 6 |
_aFlora _xEspecies en peligro de extinción _vPolíticas |
|
| 942 |
_cLIBRO _2ddc |
||
| 999 |
_c3578 _d3578 |
||